| 000 | 00632cam a22001573u 4500 | ||
|---|---|---|---|
| 082 |
_a954.0357 _bWIL |
||
| 100 | 1 |
_aWilliams, Rushbrook. _950448 |
|
| 245 | 1 | 0 |
_aIndia in 1921-22 : _bA Report Prepared for Presentation to Parliament in Accordance with the Requirements of the 26th Section of the Government of India Act (5 & 6 Geo. V, Chap. 61) / _cRushbrook Williams. |
| 260 |
_aINDIA _bGOVT OF INDIA _c1922 |
||
| 300 | _a368P.: | ||
| 500 | _aTitle from content provider. | ||
| 526 |
_a0 _b0 _c0 _d954_035700000000000_WIL |
||
| 650 |
_aMCE _9379 |
||
| 856 | 4 | 0 | _uhttp://www.columbia.edu/cgi-bin/cul/resolve?clio8956937 |
| 942 |
_2ddc _cBK |
||
| 999 |
_c553181 _d553181 |
||